000 00891nam a22002537a 4500
005 20120608162854.0
008 120608t xxu||||| |||| 00| 0 eng d
010 _aENG-105472
020 _a9780198077312
_c375.00
020 _a0198077319
_c375.00
035 _aEN-89005
037 _bDBAD/PUB
040 _aDPL
_bEng
082 _a305.8948
100 _aDube, S.C.
_948622
245 _aThe Kamar /
_cby S.C.Dube
250 _a3rd ed
260 _aNew Delhi
_bOxford University Press
_c2012
270 _aYMCA Library Building.1 Jai Singh Road,
_bNew Delhi
_e110001
300 _axlvii,249p. :
_c22cm(pbk)
_bill.
500 _aIncludes bibliographical references and index
942 _2ddc
_cEN
_mDUB
_h305.8948
999 _c68192
_d68192